Sociology in the philippine setting: (Record no. 9858)

MARC details
000 -LEADER
fixed length control field 00828nam a22002417a 4500
003 - CONTROL NUMBER IDENTIFIER
control field OSt
005 - DATE AND TIME OF LATEST TRANSACTION
control field 20260424065918.0
008 - FIXED-LENGTH DATA ELEMENTS--GENERAL INFORMATION
fixed length control field 260424b |||||||| |||| 00| 0 eng d
020 ## - INTERNATIONAL STANDARD BOOK NUMBER
International Standard Book Number 971-06-0650-6.
040 ## - CATALOGING SOURCE
Original cataloging agency OC
Transcribing agency DWC-Main Lib
082 ## - DEWEY DECIMAL CLASSIFICATION NUMBER
Classification number Fil. 307.72 H898s 1987
100 ## - MAIN ENTRY--PERSONAL NAME
Personal name Hunt, C.
245 ## - TITLE STATEMENT
Title Sociology in the philippine setting:
Remainder of title a modular approach
Statement of responsibility, etc. Hunt, Chester L.
260 ## - PUBLICATION, DISTRIBUTION, ETC.
Place of publication, distribution, etc. Quezon City :
Name of publisher, distributor, etc. Phoenix Publishing House
Date of publication, distribution, etc. c1987.
300 ## - PHYSICAL DESCRIPTION
Extent x, 362 pages ;
Dimensions 25 cm.
504 ## - BIBLIOGRAPHY, ETC. NOTE
Bibliography, etc. note Includes glossary and index.
650 ## - SUBJECT ADDED ENTRY--TOPICAL TERM
Topical term or geographic name entry element 1. Sociology
700 ## - ADDED ENTRY--PERSONAL NAME
Personal name Quisumbing, Lourdes R.
Relator term Author
700 ## - ADDED ENTRY--PERSONAL NAME
Personal name Socorro, Espiritu C.
Relator term Author
700 ## - ADDED ENTRY--PERSONAL NAME
Personal name Costello, Michaela A.
Relator term Author
700 ## - ADDED ENTRY--PERSONAL NAME
Personal name Lacar, Luis Q.
Relator term Author
942 ## - ADDED ENTRY ELEMENTS (KOHA)
Source of classification or shelving scheme Dewey Decimal Classification
Koha item type Book-Filipiniana
Classification part Fil. 307.72 H898s 1987
Call number prefix Fil.
Suppress in OPAC No
952 ## - LOCATION AND ITEM INFORMATION (KOHA)
--
952 ## - LOCATION AND ITEM INFORMATION (KOHA)
--
Holdings
Withdrawn status Lost status Source of classification or shelving scheme Damaged status Not for loan Home library Current library Shelving location Date acquired Source of acquisition Total Checkouts Full call number Barcode Date last seen Copy number Price effective from Koha item type Uniform Resource Identifier
    Dewey Decimal Classification     College Library College Library Filipiniana 04/24/2026 School Fund   Fil. 307.72 H898s 1987 CL32010 04/24/2026 c1 04/24/2026 BK - FIL
    Dewey Decimal Classification     College Library College Library Filipiniana 04/24/2026 School Fund   Fil. 307.72 H898s 1987 CL32011 04/24/2026 c2 04/24/2026 BK - FIL